zpět

Detail výsledku týmu

Hells Bells Beer Pub, Praha

Datum a čas kvízu

18.5 Celkem bodů Celkový počet nahraných bodů na tomto kvízu bez doplňovacích otázek.
10. Pořadí na kvízu Konečné umístění týmu na tomto kvízu.

Zaznamenané odpovědi

# Otázka Odpověď Body Výsledky
1. Ústavní soud zamítl návrhy pre... lex Babiš 0
2. Mluvčí afghánského radikálního... Tálibán 0
3. Pták roku je kampaň České spol... jiřička (obecná) 0
4. Minulý týden zemřel ve věku 74... CTRL+C, CTRL+V (v angličtině též copy and paste) 1
5. V Los Angeles se v sobotu utka... Tyson Fury 0
6. Na tento týden připadá období... bachyně 1
7. S tímto zvláštně vypadajícím p... (prase) bradavičnaté 0
8. Již delší dobu se experimentuj... xenotransplantace 0
9. Prase je čistotné a inteligent... A 0
10. Obliba miniprasátek jako domác... Alan Alexander Milne 0